Practical astrology : (Record no. 132836)

MARC details
000 -LEADER
fixed length control field 00696nam a22002177a 4500
005 - DATE AND TIME OF LATEST TRANSACTION
control field 20170124110200.0
010 ## - LIBRARY OF CONGRESS CONTROL NUMBER
LC control number B-063003
020 ## - INTERNATIONAL STANDARD BOOK NUMBER
Terms of availability 00.00
International Standard Book Number 8124202214
035 ## - SYSTEM CONTROL NUMBER
System control number B-063003
037 ## - SOURCE OF ACQUISITION
Source of stock number/acquisition Cen Lib/Ret
040 ## - CATALOGING SOURCE
Original cataloging agency DPL
Language of cataloging EN
082 ## - DEWEY DECIMAL CLASSIFICATION NUMBER
Classification number 133.5
Item number LEO
100 ## - MAIN ENTRY--PERSONAL NAME
Personal name Leo, Alan
9 (RLIN) 35890
245 ## - TITLE STATEMENT
Title Practical astrology :
Statement of responsibility, etc by Alan Leo
Remainder of title being a simple method of instruction in the science of astrology /
260 ## - PUBLICATION, DISTRIBUTION, ETC. (IMPRINT)
Place of publication, distribution, etc New Delhi
Name of publisher, distributor, etc Crest Publishing House
Date of publication, distribution, etc 2001
270 ## - ADDRESS
Address G-2, 16 Ansari Road, Darya Ganj
City New Delhi
Postal code 110002
300 ## - PHYSICAL DESCRIPTION
Extent x,188p.
Dimensions 21cm(Hb)
650 ## - SUBJECT ADDED ENTRY--TOPICAL TERM
Topical term or geographic name as entry element Astrology
9 (RLIN) 5898
650 ## - SUBJECT ADDED ENTRY--TOPICAL TERM
Topical term or geographic name as entry element Astrology and psychology
9 (RLIN) 35891
942 ## - ADDED ENTRY ELEMENTS (KOHA)
Source of classification or shelving scheme Dewey Decimal Classification
Koha item type English Books
Classification part 133.5
Call number suffix LEO
Holdings
Withdrawn status Lost status Damaged status Not for loan Home library Current library Date acquired Source of acquisition Cost, normal purchase price Total Checkouts Total Renewals Full call number Barcode Date last seen Date checked out Copy number Cost, replacement price Price effective from Koha item type
        Central Library Central Library 23/07/2015 Cen Lib/Ret 0.00 7 3 133.5 LEO B-063003 12/01/2020 14/12/2019 1 0.00 23/07/2015 English Books

© Delhi Public Library
Hit Counter
free hit counter